00000000nam##2200000za#4500
0019.624479
003CaOODSP
00520241210082330
007ta
008150406|1997||||xxc|||||     f|0| 0 fre|d
020 |a0-662-82256-0
022 |a1192-5434
040 |aCaOODSP|bfre
043 |an-cn---
0861 |aFB3-2/97-17F
1102 |aBanque du Canada.
24510|aLes marchés du travail régionaux: une comparaison entre le Canada et les États-Unis / |cpar Mario Lefebvre.
260 |aOttawa - Ontario : |bBanque du Canada |c1997.
300 |a19p. : |bgraphiques ; |c28 cm.
4901 |aDocument de travail|x1192-5434|v97-17
500 |a«Cette étude a pour but de comparer l'évolution des marchés régionaux de l'emploi au Canada et aux États-Unis.»--Résumé.
504 |aBibliographie.
5203 |aCette étude a pour but de comparer l'évolution des marchés régionaux de l'emploi au Canada et aux États-Unis.--Résumé
546 |aAbstracts in English
563 |aCouverture souple
590 |a97-41|b1997-10-10
7201 |aLefebvre, Mario
7760#|tLes marchés du travail régionaux : |w(CaOODSP)9.602124
830#0|aDocument de travail,|x1192-5434|v97-17|w(CaOODSP)9.513013